Policy and practice in european human resource management <the> price waterhouse cranfield survey
Gespeichert in:
| Weitere Verfasser: | , |
|---|---|
| Format: | Buch |
| Sprache: | Englisch |
| Veröffentlicht: |
London
Routledge
1994
|
| Schlagworte: | |
| Tags: |
Keine Tags, Fügen Sie das erste Tag hinzu!
|
MARC
| LEADER | 00000nam a2200000 4500 | ||
|---|---|---|---|
| 001 | c132747 | ||
| 005 | 20221123112635.6 | ||
| 020 | |a 0-415-06530-5 | ||
| 041 | 0 | |a eng | |
| 044 | |a GB | ||
| 245 | 1 | 0 | |a Policy and practice in european human resource management |b <the> price waterhouse cranfield survey |c Edited by Chris Brewster and Ariane Hegewisch |
| 264 | 1 | |a London |b Routledge |c 1994 | |
| 300 | |a 398 s. | ||
| 610 | 2 | 0 | |a zdroje ľudské |
| 610 | 2 | 0 | |a riadenie |
| 610 | 2 | 0 | |a politika personálna |
| 610 | 2 | 0 | |a stratégia podniková |
| 610 | 2 | 0 | |a manažéri |
| 610 | 2 | 0 | |a manažment personálny |
| 610 | 2 | 0 | |a zamestnanci |
| 610 | 2 | 0 | |a komunikácia |
| 610 | 2 | 0 | |a politika sociálna |
| 610 | 2 | 0 | |a priemysel |
| 610 | 2 | 0 | |a práca personálna |
| 610 | 2 | 0 | |a manažment personálny |
| 610 | 2 | 0 | |a Európa |
| 700 | 1 | |a Brewster, Chris | |
| 700 | 1 | |a Hegewisch, Ariane | |